प्रेमचंद के आरंभिक लेखन का महत्त्व एवं अन्य निबंध (Record no. 1308997)

MARC details
000 -LEADER
fixed length control field 00935nam a22002057a 4500
005 - DATE AND TIME OF LATEST TRANSACTION
control field 20250415120837.0
008 - FIXED-LENGTH DATA ELEMENTS--GENERAL INFORMATION
fixed length control field 250415b |||||||| |||| 00| 0 eng d
020 ## - INTERNATIONAL STANDARD BOOK NUMBER
International Standard Book Number 978-93-082554-93-6 (hbk)
037 ## - SOURCE OF ACQUISITION
Terms of availability TB
040 ## - CATALOGING SOURCE
Original cataloging agency CRL
Transcribing agency CRL
041 ## - LANGUAGE CODE
Source of code hin
Language code of text/sound track or separate title hin
084 ## - COLON CLASSIFICATION NUMBER
Classification number O152,6M80:g Q7
Assigning agency CRL
100 ## - MAIN ENTRY--PERSONAL NAME
Personal name पार्थेश्वर, आशुतोष
245 ## - TITLE STATEMENT
Title प्रेमचंद के आरंभिक लेखन का महत्त्व एवं अन्य निबंध
260 ## - PUBLICATION, DISTRIBUTION, ETC.
Place of publication, distribution, etc. दिल्ली, भारत:
Name of publisher, distributor, etc. अद्वैत प्रकाशन,
Date of publication, distribution, etc. 2017.
300 ## - PHYSICAL DESCRIPTION
Extent 166पृ0
365 ## - TRADE PRICE
Price amount 350.00
Currency code INR
942 ## - ADDED ENTRY ELEMENTS (KOHA)
Source of classification or shelving scheme Colon Classification (CC)
Koha item type Textbook
Classification part O152,6M80:g Q7
Suppress in OPAC No

No items available.

Copyright @ Delhi University Library System